Land - Something of Value Part 2: Tax and Policy Issues
Enregistré dans:
| Autres auteurs: | |
|---|---|
| Format: | Livre |
| Langue: | anglais |
| Publié: |
Cambridge
Lincoln Institute of Land Policy (Monograph 82-11)
1982
|
| Édition: | 1. ed. |
| Sujets: | |
| Tags: |
Pas de tags, Soyez le premier à ajouter un tag!
|
MARC
| LEADER | 00000nam a2200000 4500 | ||
|---|---|---|---|
| 001 | c006126 | ||
| 005 | 20221221074641.1 | ||
| 041 | 0 | |a eng | |
| 044 | |a US | ||
| 245 | 1 | 0 | |a Land - Something of Value |b Part 2: Tax and Policy Issues |c Edit. Gene Wunderlich |
| 250 | |a 1. ed. | ||
| 264 | 1 | |a Cambridge |b Lincoln Institute of Land Policy (Monograph 82-11) |c 1982 | |
| 300 | |a 116 s. | ||
| 610 | 2 | 0 | |a pôda |
| 610 | 2 | 0 | |a hodnota pôdy |
| 610 | 2 | 0 | |a dane |
| 610 | 2 | 0 | |a cena pôdy |
| 610 | 2 | 0 | |a výskum |
| 610 | 2 | 0 | |a štatistika |
| 610 | 2 | 0 | |a politika poľnohospodárska |
| 700 | 1 | |a Wunderlich, Gene | |